2006 FIFA FIFPro World XI - Statistics

General Stats
  • This quiz has been taken 51 times
  • The average score is 7 of 11
Answer Stats
Pos. Club Answer % Correct
GK Juventus Gianluigi Buffon
98%
DEF Chelsea John Terry
84%
FW Barcelona Ronaldinho
78%
FW Barcelona Samuel Eto'o
78%
MF Milan Andrea Pirlo
76%
MF Real Madrid Zinedine Zidane
76%
DEF Juventus/Real Madrid Fabio Cannavaro
73%
MF Milan Kaka
62%
DEF Juventus/Barcelona Gianluca Zambrotta
49%
FW Arsenal Thierry Henry
36%
DEF Juventus/Barcelona Lilian Thuram
11%
No matching quizzes found
Score Distribution
Percent of People with Each Score
Percentile by Number Answered
Your Score History
You have not taken this quiz